Statistics for Flags of Countries of the World after World War II

Click here to take the quiz!

General Stats

  • This quiz has been taken 152 times
    (136 since last reset)
  • The average score is 59 of 72

Answer Stats

Answer% Correct
Poland
99%
Chile
98%
Finland
95%
Panama
94%
Bulgaria
93%
Uruguay
93%
Czechoslovakia
92%
San Marino
92%
Belgium
88%
Afghanistan
87%
Denmark
86%
Luxembourg
86%
Netherlands
86%
Norway
86%
Spain
86%
Turkey
86%
United States
86%
Albania
85%
Switzerland
85%
Indonesia
84%
Lebanon
84%
Thailand
84%
Vietnam
84%
Brazil
83%
Colombia
83%
France
83%
Hungary
83%
Ireland
83%
Mexico
83%
Monaco
83%
Nepal
83%
Portugal
83%
Saudi Arabia
83%
Vatican City
83%
Venezuela
83%
Argentina
82%
Australia
82%
Italy
82%
Liberia
82%
New Zealand
82%
Peru
82%
Soviet Union
82%
United Kingdom
82%
China
81%
Ecuador
81%
Iceland
81%
Paraguay
81%
Romania
81%
Sweden
81%
Costa Rica
80%
Cuba
80%
Dominican Republic
80%
Andorra
79%
Liechtenstein
79%
South Africa
79%
El Salvador
78%
Haiti
78%
Honduras
77%
Nicaragua
77%
Ethiopia
76%
Yugoslavia
76%
Greece
75%
Bolivia
74%
Canada
74%
Guatemala
74%
Tibet
74%
Syria
69%
Iraq
68%
Egypt
62%
Iran
61%
Mongolia
60%
Yemen
55%

Score Distribution

Percentile by Number Answered

Percent of People with Each Score

Your Score History

You have not taken this quiz since the last reset